000 01103nam0a22003011 4500
001 v19\rc\1466988
005 20250618145137.0
035 _a(NLR Aleph) 004603331
090 _a2815235
_c2815235
100 _a20060620e18761876|||y0rusy50 ca
101 0 _arus
102 _aRU
105 _ay z |||||
200 1 _aРазмышление о воскресении мертвых
_f[Я. Баршев]
210 _a[Санкт-Петербург]
_cтип. дух. журн. "Странник"
_dценз. 1876
215 _a22 с.
_d23
300 _aАвт. указан в конце текста
309 _aБез тит. л. и обл.
311 _aОтт. из журн. "Странник". 1876, апр. С. 64-84
488 0 _12001#$aСтранник$v1876, апр.
_1215##$aС. 64-84
_tСтранник
700 1 _aБаршев
_bЯ. И.
_f1807-1894
_gЯков Иванович
_3RU\NLR\AUTH\770275531
_4070
801 0 _aRU
_bNLR
_gpsbo
801 0 _aRU
_bRuMoRGB
_2psbo
801 1 _aRU
_bProSoft-M
_2rusmarc
852 _aNLR
_j18.114.8.194
942 _cBOOK
980 _aNB